Library of the University of Algiers 3
Ibrahim Sultan Cheibout
شعار جامعة الجزائر 3
مكتبة جامعة الجزائر 3
إبراهيم سلطان شيبوط

أحكام عقد الحساب الجاري في قانون التجارة الجديد / (رقم التسجيلة. 42774)

تفاصيل مارك
000 -LEADER
fixed length control field 02095nam a2200253Ia 4500
003 - CONTROL NUMBER IDENTIFIER
control field Ost
005 - DATE AND TIME OF LATEST TRANSACTION
control field 20260507075059.0
008 - FIXED-LENGTH DATA ELEMENTS--GENERAL INFORMATION
fixed length control field 260507s9999||||xx |||||||||||||| ||und||
020 ## - INTERNATIONAL STANDARD BOOK NUMBER
International Standard Book Number 7113603977
040 ## - CATALOGING SOURCE
Transcribing agency fsecg
041 ## - LANGUAGE CODE
Language code of text/sound track or separate title ara
082 ## - DEWEY DECIMAL CLASSIFICATION NUMBER
Classification number 346.07
100 ## - MAIN ENTRY--PERSONAL NAME
Personal name جمعة، أحمد محمود
Relator term مؤلف
245 #0 - TITLE STATEMENT
Title أحكام عقد الحساب الجاري في قانون التجارة الجديد /
Statement of responsibility, etc. أحمد محمود جمعة
260 ## - PUBLICATION, DISTRIBUTION, ETC.
Place of publication, distribution, etc. الاسكندرية:
Name of publisher, distributor, etc. منشأة المعارف,
Date of publication, distribution, etc. 2003
300 ## - PHYSICAL DESCRIPTION
Extent 204 صفحة؛
Dimensions 25 سم
490 ## - SERIES STATEMENT
Series statement الكتب القانونية
504 ## - BIBLIOGRAPHY, ETC. NOTE
Bibliography, etc. note ببليوغرافيا ص.204
520 ## - SUMMARY, ETC.
Summary, etc. قاعدة عدم تجزئة المفردات المقيدة في الحساب الجاري هي الركيزة الأساسية التي تقوم عليها أحكام عقد الحساب الجاري في قانون التجارة الجديد رقم 17 لسنة 1999،قاعدة الأثر التجديدي للحقوق التي تقيدبالحساب الجاري،رفض المشرع لنظرية المقاصة المتتابعة في قانون التجارة الجديد،نظرية عدم تجزئة مفردات الحساب الجاري،تطبيقات مبدأعدم تجزئة مفردات الحساب الجاري،عدم جواز التمسك بالقاصة بين مفردات الحساب الجاري أثناء تشغيله،عدم جواز مطالبة أحد طرفي الحساب الجاري الطرف الآخر بقيمة أحد مفردات الحساب،عدم جواز سحب أوراق تجارية على مفردات الحساب الجاري،الحجز على الرصيد المؤقت للحساب الجاري- تحديد نطاق تطبيق قاعدة الخطر،الاستثناءات الواردة على قاعدة الخطر،المسؤولية المدنية والجنائية عن مخالفة الخطر بتصحيح الحساب الجاري
653 ## - INDEX TERM--UNCONTROLLED
Uncontrolled term الحساب الجاري
653 ## - INDEX TERM--UNCONTROLLED
Uncontrolled term القانون التجاري
653 ## - INDEX TERM--UNCONTROLLED
Uncontrolled term تجارة
942 ## - ADDED ENTRY ELEMENTS (KOHA)
Koha item type كتب
المقتنيات
Withdrawn status Lost status Source of classification or shelving scheme Damaged status Not for loan Home library Current library Date acquired Serial enumeration / chronology Inventory number Total checkouts Full call number Barcode Date last seen Price effective from Koha item type
    Dewey Decimal Classification   NOT LOAN / إعارة داخلية مكتبة كلية العلوم الإقتصادية والعلوم التجارية وعلوم التسيير مكتبة كلية العلوم الإقتصادية والعلوم التجارية وعلوم التسيير 07/05/2026 الطابق الأرضي 1058/1   أ/1058ن1 1058/1 07/05/2026 07/05/2026 كتب
    Dewey Decimal Classification   Available مكتبة كلية العلوم الإقتصادية والعلوم التجارية وعلوم التسيير مكتبة كلية العلوم الإقتصادية والعلوم التجارية وعلوم التسيير 07/05/2026 الطابق الأرضي 1058/2   أ/1058ن2 1058/2 07/05/2026 07/05/2026 كتب
    Dewey Decimal Classification   Available مكتبة كلية العلوم الإقتصادية والعلوم التجارية وعلوم التسيير مكتبة كلية العلوم الإقتصادية والعلوم التجارية وعلوم التسيير 07/05/2026 الطابق الأرضي 1058/3   أ/1058ن3 1058/3 07/05/2026 07/05/2026 كتب
    Dewey Decimal Classification   Available مكتبة كلية العلوم الإقتصادية والعلوم التجارية وعلوم التسيير مكتبة كلية العلوم الإقتصادية والعلوم التجارية وعلوم التسيير 07/05/2026 الطابق الثاني 1058/4   أ/1058ن4 1058/4 07/05/2026 07/05/2026 كتب
    Dewey Decimal Classification   Available مكتبة كلية العلوم الإقتصادية والعلوم التجارية وعلوم التسيير مكتبة كلية العلوم الإقتصادية والعلوم التجارية وعلوم التسيير 07/05/2026 الطابق الثاني 1058/5   أ/1058ن5 1058/5 07/05/2026 07/05/2026 كتب

موارد الويب المفتوحة


© University of Algiers 3 All Rights Reserved
|
Implemented by LECHELAH Riad